2012 Girls Names that Start with A (spelling combined) Quiz Stats

 Plays Quiz not verified by Sporcle

Score 0/100 Timer 10:00
0 Plays Today
Answer % Correct
Anne
98%
Anna
96.8%
Ava
94.8%
Annie
94.5%
Alice
92.7%
Ashley
92.4%
Alexa
92.1%
Abby
92.1%
Abigail
91.8%
Aria
91.8%
Allison
91.3%
Alexandra
90.4%
Arianna
90.1%
Audrey
90.1%
Amelia
88.9%
Alexis
88.9%
Aubrey
88.6%
Aaliyah
88.6%
Amy
87.8%
Alicia
87.5%
Angel
87.5%
Alyssa
86.9%
Adrienne
86.9%
Avery
86.6%
Alexandria
85.4%
Addison
84.8%
Adriana
84.3%
Anjali
83.7%
Amanda
83.1%
Amber
82.8%
Ada
82.8%
Andrea
81.9%
Allie
81.6%
Angelina
81.6%
Answer % Correct
Alana
80.8%
Angeline
80.5%
Alexia
80.2%
Annabelle
79.6%
Angela
79.3%
Angelica
78.1%
Adalyn
77%
Ashlyn
76.7%
Ariel
76.7%
Aisha
75.8%
April
74.6%
Aurora
73.2%
Alina
70.6%
Autumn
68.8%
Annabella
68.2%
Adele
66.5%
Arabella
58.3%
Athena
57.7%
Adelaide
56.9%
Ariella
56.9%
Anastasia
56.6%
Alessandra
56.3%
Ayla
55.4%
Angie
54.5%
Aliana
51.9%
Amaya
50.7%
Amelie
50.4%
Alejandra
48.7%
Aileen
48.4%
Anya
48.1%
Ainsley
44%
Amara
43.7%
Aliza
41.7%
Annika
40.8%
Answer % Correct
Annalise
40.5%
Alivia
40.2%
Aniyah
39.9%
Amira
39.7%
Amiyah
39.1%
Annalee
36.4%
Audrina
36.2%
Audriana
36.2%
Amari
33.2%
Aspen
33.2%
Alondra
32.9%
Aubrianna
32.4%
Amina
30.9%
Aiyana
28.6%
Adelina
27.7%
Anaya
27.1%
Avalyn
25.4%
Aviana
24.5%
Alayah
20.7%
Armani
18.1%
Amani
16.3%
Araceli
16%
Aylin
14%
Azaria
13.4%
Anniston
12.2%
Alani
11.1%
Adley
9%
Analia
8.2%
Arely
7.9%
Anahi
6.7%
Aislinn
6.7%
Alaysia
2.6%

You're not logged in!

Compare scores with friends on all Sporcle quizzes.
OR
Log In

Sporcle TV

Today on Sporcle TV


Watch our educational content, quiz creation guides, and fun videos on Sporcle TV.

Show Comments

Extras

Top Quizzes Today


Score Distribution

Your Account Isn't Verified!

In order to create a playlist on Sporcle, you need to verify the email address you used during registration. Go to your Sporcle Settings to finish the process.

Report this User

Report this user for behavior that violates our Community Guidelines.

Details: